| 000 | 00775nam a22002417a 4500 | ||
|---|---|---|---|
| 001 | 5776 | ||
| 003 | BD-DhEU | ||
| 005 | 20260306110253.0 | ||
| 008 | 260306b19992026ii ||||| |||| 00| 0 eng d | ||
| 020 | _a0878340998 | ||
| 040 |
_aBD-DhEU _beng _cBD-DhEU _dBD-DhEU |
||
| 041 | _aeng | ||
| 082 | 0 | 0 |
_223rd ed. _a362.821 IMP _bc1999. |
| 245 | 0 | 0 |
_aImproving quality of care in India's family welfare programme : the challenge ahead / _cedited by- Michael A. Koenig & M.E. Khan |
| 260 |
_aNew York ; _bPopulation council, _cc1999. |
||
| 300 |
_axvi,372p. : _bill ; _c23 cm. |
||
| 526 | _aLAW | ||
| 590 | _aKamrujjaman | ||
| 650 | 0 |
_aImproving quality of care in India's Family welfare _99384 |
|
| 700 | 1 | 0 |
_aKoenig, Michael A. _99385 |
| 700 | 1 | 0 |
_aKhan, M.E. _99386 |
| 942 |
_2ddc _cBK |
||
| 999 |
_c5742 _d5742 |
||